000 00805cam a2200289 4500500
005 20260329004035.0
041 _afre
042 _adc
100 1 0 _aEltchaninoff, Michel
_eauthor
245 0 0 _aExceptionnalisme : la diplomatie du chacun pour soi
260 _c2018.
500 _a54
690 _aChine
690 _aDiplomatie
690 _aDonald Trump
690 _aErdogan
690 _aÉtats-Unis
690 _aExceptionnalisme
690 _aFrancis Fukuyama
690 _aPoutine
690 _aRussie
690 _aTocqueville
690 _aTurquie
690 _aXi Jinping
786 0 _nPhilosophie magazine | 118 | 4 | 2018-04-01 | p. 7-7 | 1951-1787
856 4 1 _uhttps://shs.cairn.info/magazine-philosophie-magazine-2018-4-page-7?lang=fr&redirect-ssocas=7080
999 _c1830037
_d1830037